Les plus grandes capitales de l'Union européenne - Statistiques

Statistiques générales
  • Ce quiz a été pris 274 fois
    211 depuis la dernière actualisation
  • Le résultat moyen est 16 sur 27
Statistiques - réponses
Numéros Population Villes % Correct
1er 3 779 000 habitants Berlin
98%
2ème 3 325 000 habitants Madrid
91%
3ème 2 899 000 habitants Rome
86%
5ème 2 180 000 habitants Paris
85%
6ème 1 955 000 habitants Vienne
65%
11ème 1 255 000 habitants Bruxelles
64%
4ème 2 185 000 habitants Bucarest
63%
8ème 1 710 000 habitants Budapest
61%
21ème 560 000 habitants Lisbonne
61%
7ème 1 805 000 habitants Varsovie
61%
20ème 595 000 habitants Dublin
56%
13ème 910 000 habitants Amsterdam
55%
25ème 135 000 habitants Luxembourg
54%
16ème 675 000 habitants Athènes
53%
10ème 1 285 000 habitants Prague
52%
12ème 990 000 habitants Stockholm
52%
17ème 665 000 habitants Helsinki
51%
9ème 1 320 000 habitants Sofia
51%
15ème 790 000 habitants Zagreb
49%
18ème 605 000 habitants Riga
48%
14ème 815 000 habitants Copenhague
47%
27ème 6 000 habitants La Valette
47%
19ème 600 000 habitants Vilnius
47%
23ème 450 000 habitants Tallinn
46%
22ème 485 000 habitants Bratislava
42%
24ème 305 000 habitants Ljubljana
42%
26ème 120 000 habitants Nicosie
36%
Aucun quiz correspondant
Distribution des résultats
% des personnes avec chaque résultat
Percentile par nombre de réponses
Votre historique - résultats
Vous n’avez pas pris ce quiz depuis la dernière actualisation